|
|
|
|
| LEADER |
00000cam a2200000 7i4500 |
| 001 |
0000002546 |
| 005 |
20030729.0 |
| 090 |
0 |
0 |
|a 631.49595
|b CON 1980
|
| 110 |
1 |
0 |
|a CONFERENCE on Soil Science and Agricultural Development in Malaysia
|k 1980
|j Kuala Lumpur
|
| 245 |
1 |
0 |
|a Proceedings of the Conference on Soil Science and Agricultural Development in Malaysia, Kuala Lumpur, 1980
|c edited by E. Pushparajah and Chin Siew Lock
|
| 260 |
0 |
0 |
|a Kuala Lumpur :
|b Malaysian Society of Soil Science ,
|c 1980
|
| 300 |
|
|
|a xxxvii, 427 p. ;
|c 30 cm.
|
| 650 |
0 |
0 |
|a Agriculture
|x Research
|x Congresses
|z Malaysia
|
| 650 |
0 |
0 |
|a Soil amendments
|x Congresses
|z Malaysia
|
| 650 |
0 |
0 |
|a Soil science
|x Congresses
|
| 700 |
0 |
1 |
|a Chin
|h Siew Lock
|
| 700 |
0 |
1 |
|a Pushparajah
|h E.
|
| 998 |
|
|
|a JPSM
|
| 999 |
|
|
|a 0000004395
|b Monograph
|c Open Shelf
|e Default branch
|